EPIC: The Musical - Lyrics Sort #29 - Love in Paradise - Statistics

General Stats
  • This quiz has been taken 110 times
  • The average score is 38 of 73
Answer Stats
Hint Answer % Correct
Line 2 It's been ten years since I last saw you
95%
Line 1 Old friend
95%
Line 7 Let's see where you've been
84%
Line 4 I am the infamous
79%
Line 3 Remember me
79%
Line 8 Keep your friends close and your enemies closer
77%
Line 5 Odysseus! [1]
77%
Line 9 Ruthlessness is mercy upon ourselves
72%
Line 13 Drown in your sorrow and fears!
70%
Line 10 One wrong move and you're done for, anything I
70%
Line 11 Song of past romance, I see the
70%
Line 24 Anyways, I've got all you could want here, all you could need here
67%
Line 21 Did you know you talk in your sleep?
67%
Line 19 Morning sleepyhead, you've been resting for a while
67%
Line 23 She's my wife
67%
Line 22 Tell me though, who's Penelope?
67%
Line 16 But we'll die
65%
Line 14 Captain?
65%
Line 15 I have to see her
65%
Line 17 I know
65%
Line 20 I swore that you were dead when you washed up on my isle
65%
Line 12 We won't take more suffering from you
65%
Line 18 Odysseus, where did you go?
60%
Line 28 I'm what you want here, I'm what you need here
58%
Line 25 Just you and me, my dear, my love for life
58%
Line 27 I'm not your man
56%
Line 29 Just you and me, my love in paradise
56%
Line 26 Soon into bed we'll climb and spend our time
56%
Line 6 (Oh-whoa-oh-oh-oh, whoa-oh-oh-oh, whoa-oh-oh-oh)
51%
Line 47 You're mine, all mine
51%
Line 46 Not til the end of time, there is no way
49%
Line 48 Seven years she's kept you trapped out of your control
49%
Line 49 Time can take a heavy toll
49%
Line 38 Bow down now to the immortal Calypso, here to entertain
47%
Line 39 But fear not, I bring no pain
47%
Line 40 Cause we've got all we could want here, all we could need here
47%
Line 36 Goddess?
47%
Line 44 I don't belong here there's something wrong here
47%
Line 45 I won't be drawn to love in paradise
47%
Line 43 No, no
47%
Line 42 No one can come or go, my island stays unknown
47%
Line 57 And all I hear are screams
44%
Line 35 But last I checked, goddesses can't die
44%
Line 55 Every comrade I long knew
44%
Line 56 Every friend, I saw them die
44%
Line 52 Ody, get away from the ledge
44%
Line 50 Odysseus? [2]
44%
Line 41 Under my spell, we're stuck in paradise
44%
Line 53 You don't know what I've gone through!
44%
Line 54 You don't know what I've sacrificed
44%
Line 37 You're adorable
44%
Line 32 Hell no, I could kill you where you stand
42%
Line 33 I'm no pet, I'm a married man
42%
Line 58 It will be fine, dear, come back inside, dear
42%
Line 30 Now til the end of time
42%
Line 34 Oh, handsome, you may try
42%
Line 63 Please stay away from harm, stay in my open arms (all I hear are-)
42%
Line 64 (This life is amazing when you greet it with open arms)
42%
Line 31 From here on out you're mine, all mine
40%
Line 60 I know your life's been hard, I'll stay inside your heart (all I hear are screams)
40%
Line 61 I love you my dear, I love our time here
40%
Line 62 Life would be so much worse if you had died (just let me close my eyes)
40%
Line 51 All I hear are screams
37%
Line 59 Love of my life, come back to paradise (let me close my eyes)
37%
Line 66
(Waiting, waiting) (whatever we face, we'll be fine if we're leading from the heart)
33%
Line 73 He needs my help
33%
Line 72 Athena!
30%
Line 65 (how much longer til your luck runs out?)
28%
Line 71 (You rely on wit)
26%
Line 67 (How much longer til the show goes south?)
23%
Line 70 Oh-oh! (Greet the world with open arms, greet the world with open arms)
23%
Line 68 Oh-oh! (No matter the place, we can light up the world, here's how to start)
23%
Line 69 (How much longer til we all fall down?)
21%
No matching quizzes found
Score Distribution
Percent of People with Each Score
Percentile by Number Answered
Your Score History
You have not taken this quiz